| 000 | 00700nam a22002297a 4500 | ||
|---|---|---|---|
| 003 | UA-OsUOA | ||
| 001 | 78937 | ||
| 007 | ta | ||
| 008 | 20111025b un ||||| |||| 00| 0 ukr d | ||
| 090 |
_a7.071.1:75 _bВ15 |
||
| 942 | _cBK | ||
| 040 |
_aUA-OsUOA _brus _cUA-OsUOA _dUA-OsUOA |
||
| 245 |
_aВалентин Серов _bальбом _cавт. вступ. статьи и сост. альбома Д.В.Сарабьянов |
||
| 300 | _a272 с. | ||
| 955 | _a4 | ||
| 041 | _arus | ||
| 080 | _a7.071.1:75 | ||
| 260 |
_aЛенинград _bАврора _c1987 |
||
| 250 | _nиздание второе | ||
| 650 | 7 |
_a7.0 Загальні питання мистецтва _2UDC |
|
| 999 |
_c365253 _d365253 |
||